=LDR 00000nam 2200000 4500 =001 INLIS000000000045889 =005 20210204010755 =035 ##$$a 0010-021500000000449 =008 210204################g##########0#ind## =020 ##$$a 978-602-8323-64-2 =040 ##$$a NBPDMAT =082 ##$$a 338.76 =090 ##$$a 338.76 $b Sud p =100 ##$$a Sudjana =245 1#$$a Perlindungan Desain Tata Letak Sirkuit Terpadu : $b Di Hubungkan Dengan Daya Saing Industri Elektronika Pada Era Perdagangan Bebas /$c Dr.Sudjana SH. M. Si. =250 ##$$a Cet. 1 =260 ##$$a Bandung :$b widya Padjadjaran,$c 2011 =300 ##$$a xviii, 258 ; $c 25 X 17 cm. =500 ##$$a Bibliografi : hal. 242 - 251 =650 #4$$a Elektronika, Industri =084 ##$$a 338.76 SUD p =990 ##$$a 21421902 =990 ##$$a 21421903 =990 ##$$a 21421904 =990 ##$$a 21421905 =990 ##$$a 21421906 =990 ##$$a 21421904 =990 ##$$a 21421902 =990 ##$$a 21421903 =990 ##$$a 21421905 =990 ##$$a 21421906